[Event "Bogota McGregor op 1st"]
[Site "Bogota"]
[Date "2010.12.04"]
[Round "3"]
[White "Camacho Cardenas, Miguel Alejand"]
[Black "Torres, Javier"]
[Result "1-0"]
[WhiteElo "1879"]
[BlackElo "2259"]
[PlyCount "61"]
[EventDate "2010.12.03"]
[EventType "swiss"]
[EventRounds "10"]
[EventCountry "COL"]
[SourceTitle "CBM 139 Extra"]
[Source "ChessBase"]
[SourceDate "2011.01.05"]
[SourceVersion "1"]
[SourceVersionDate "2011.01.05"]
[SourceQuality "1"]

1. e4 e5 2. Nf3 Nc6 3. d4 Bb4+ 4. c3 Ba5 5. d5 Nce7 6. Nxe5 d6 7. Nc4 c5 8. dxc6 bxc6 9. Qxd6 Bd7 10. Ne5 Nf6 11. Nxd7 Nxd7 12. Bg5 f6 13. Bf4 0-0 14. Bc4+ Kh8 15. b4 Bc7 16. Qxc7 Qxc7 17. Bxc7 Rac8 18. Bd6 Rfe8 19. Bf7 g5 20. Bxe8 Rxe8 21. Bxe7 Rxe7 22. Nd2 Kg7 23. 0-0-0 Ne5 24. h4 Nd3+ 25. Kc2 Nxf2 26. hxg5 Nxd1 27. gxf6+ Kxf6 28. Kxd1 Kg6 29. Re1 Rd7 30. e5 Kf7 31. e6+ 1-0

[Event "Miami op"]
[Site "Miami"]
[Date "2007.09.27"]
[Round "3"]
[White "Friedel, Joshua E"]
[Black "Torres, Javier"]
[Result "1-0"]
[WhiteElo "2472"]
[BlackElo "2274"]
[PlyCount "84"]
[EventDate "2007.09.26"]
[EventType "swiss"]
[EventRounds "9"]
[EventCountry "USA"]
[SourceTitle "CBM 120 Extra"]
[Source "ChessBase"]
[SourceDate "2007.11.01"]
[SourceVersion "1"]
[SourceVersionDate "2007.11.01"]
[SourceQuality "1"]

1. e4 e5 2. Nf3 Nc6 3. Bb5 a6 4. Ba4 Nf6 5. 0-0 Nxe4 6. d4 b5 7. Bb3 d5 8. dxe5 Be6 9. Nbd2 Nc5 10. c3 Be7 11. Bc2 d4 12. Nb3 d3 13. Bb1 Nxb3 14. axb3 Bf5 15. Be3 0-0 16. Re1 Qd5 17. b4 a5 18. bxa5 Rxa5 19. Rxa5 Nxa5 20. Nd4 Bg6 21. Bxd3 Bxd3 22. Qxd3 Nc4 23. b3 Nxe5 24. Qxb5 c5 25. h3 h6 26. Ne2 Qa8 27. Ng3 Rb8 28. Qe2 Ng6 29. Nf5 Bf6 30. Qc4 Ne5 31. Qa4 Qd5 32. Bf4 Nd3 33. Bxb8 Nxe1 34. Qe8+ Kh7 35. Qxe1 Qxf5 36. b4 Qd3 37. bxc5 Bxc3 38. Qc1 Bd2 39. Qd1 Qe4 40. Bg3 Bb4 41. c6 Ba5 42. c7 Qe8 1-0

[Event "USA tt"]
[Site "ICC INT"]
[Date "2005.09.28"]
[Round "5"]
[White "Torres, Javier"]
[Black "Wilson, Elvin"]
[Result "0-1"]
[WhiteElo "2277"]
[BlackElo "2277"]
[PlyCount "86"]
[EventDate "2005.10.05"]
[EventType "team"]
[EventRounds "10"]
[EventCountry "USA"]
[SourceTitle "CBM 108 Extra"]
[Source "ChessBase"]
[SourceDate "2005.11.04"]
[SourceVersion "1"]
[SourceVersionDate "2005.11.04"]
[SourceQuality "1"]

1. d4 d5 2. c4 c6 3. Nf3 Nf6 4. Nc3 dxc4 5. a4 Bf5 6. Ne5 Nbd7 7. Nxc4 Nb6 8. Ne5 a5 9. Bg5 h6 10. Bh4 Bh7 11. f3 Nfd7 12. Qb3 Nxe5 13. dxe5 Qc7 14. e4 e6 15. Nb5 cxb5 16. Bxb5+ Nd7 17. Rd1 Bb4+ 18. Ke2 0-0 19. Rxd7 Qxe5 20. Bg3 Qg5 21. Qe3 Qf6 22. Qd4 Qg5 23. Qe5 Qg6 24. Rc1 Rad8 25. Rcc7 Rxd7 26. Bxd7 Kh8 27. Rxb7 f5 28. Qxe6 Qg5 29. Rxb4 axb4 30. Qd6 Rd8 31. e5 f4 32. Bf2 Rxd7 33. Qxd7 Qxe5+ 34. Kf1 Qxb2 35. g3 Qb1+ 36. Kg2 Bf5 37. Qc7 Bd3 38. gxf4 Bf1+ 39. Kg3 Qg6+ 40. Kh4 Qf6+ 41. Kg3 Qg6+ 42. Kh4 Qf5 43. Qd8+ Kh7 0-1

[Event "American op"]
[Site "Los Angeles"]
[Date "1995.??.??"]
[Round "8"]
[White "Torres, Javier"]
[Black "Maldonado, Oscar"]
[Result "1/2-1/2"]
[WhiteElo "2310"]
[BlackElo "2250"]
[PlyCount "53"]
[EventDate "1995.11.23"]
[EventType "swiss"]
[EventRounds "8"]
[EventCountry "USA"]
[SourceTitle "EXT 1998"]
[Source "ChessBase"]
[SourceDate "1997.11.17"]
[SourceVersion "1"]
[SourceVersionDate "1997.11.17"]
[SourceQuality "1"]

1. d4 Nf6 2. Nf3 g6 3. c4 Bg7 4. Nc3 d6 5. e4 0-0 6. h3 c5 7. d5 b5 8. cxb5 a6 9. bxa6 Bxa6 10. Be2 e6 11. dxe6 fxe6 12. 0-0 Nc6 13. Bxa6 Rxa6 14. Qe2 Rb6 15. e5 dxe5 16. Qc4 Nd4 17. Nxe5 Nd5 18. Ng4 Nxc3 19. bxc3 Nc2 20. Be3 Nxa1 21. Qxc5 Rd6 22. Rxa1 Rd1+ 23. Rxd1 Qxd1+ 24. Kh2 Qd5 25. Qc7 Rf7 26. Qc8+ Rf8 27. Qa6 1/2-1/2

[Event "San Mateo"]
[Site "San Mateo"]
[Date "1994.??.??"]
[Round "3"]
[White "Shaked, Tal"]
[Black "Torres, Javier"]
[Result "1-0"]
[WhiteElo "2370"]
[BlackElo "2335"]
[PlyCount "57"]
[EventDate "1994.??.??"]
[EventType "tourn"]
[EventRounds "9"]
[EventCountry "PUR"]
[EventCategory "5"]
[SourceTitle "EXT 1997"]
[Source "ChessBase"]
[SourceDate "1996.11.15"]
[SourceVersion "1"]
[SourceVersionDate "1996.11.15"]
[SourceQuality "1"]

1. e4 e5 2. Nf3 Nc6 3. Bc4 Nf6 4. d3 Be7 5. 0-0 d6 6. c3 0-0 7. Bb3 Bg4 8. h3 Be6 9. Re1 Qd7 10. Bc2 d5 11. Ng5 Rad8 12. Nd2 d4 13. Nf1 Bc5 14. a3 h6 15. Nxe6 fxe6 16. b4 Be7 17. c4 Nh7 18. Nh2 Bg5 19. Rf1 Ne7 20. Bxg5 Nxg5 21. h4 Nf7 22. c5 g6 23. Bb3 h5 24. Qf3 Nc6 25. Qf6 Kh7 26. Bxe6 Qe7 27. Qxe7 Nxe7 28. Nf3 g5 29. Bxf7 1-0

[Event "Las Vegas National op"]
[Site "Las Vegas"]
[Date "1994.??.??"]
[Round "?"]
[White "Torres, Javier"]
[Black "Dimitrijevic, Darko"]
[Result "1-0"]
[WhiteElo "2335"]
[BlackElo "2280"]
[PlyCount "90"]
[EventDate "1994.??.??"]
[EventType "swiss"]
[EventRounds "6"]
[EventCountry "USA"]
[SourceTitle "EXT 1997"]
[Source "ChessBase"]
[SourceDate "1996.11.15"]
[SourceVersion "1"]
[SourceVersionDate "1996.11.15"]
[SourceQuality "1"]

1. d4 Nf6 2. c4 e6 3. Nf3 b6 4. g3 Ba6 5. b3 d5 6. Bg2 dxc4 7. Ne5 Bb4+ 8. Kf1 c6 9. Nxc4 0-0 10. Bb2 Nbd7 11. Bxc6 Rc8 12. Bf3 Bxc4 13. bxc4 Rxc4 14. Na3 Rc8 15. Nb5 a5 16. a3 Be7 17. Na7 Rc7 18. Nc6 Qe8 19. Qb3 Bd6 20. Kg2 Nb8 21. Nxb8 Qxb8 22. e4 Be7 23. Rac1 Rfc8 24. Rxc7 Rxc7 25. e5 Nd5 26. Bxd5 exd5 27. Qxd5 Rc2 28. Rc1 Rxc1 29. Bxc1 Qc8 30. Be3 Bxa3 31. Qb3 Bb4 32. d5 b5 33. d6 Qc6+ 34. f3 Kf8 35. Qd3 Ke8 36. Qxh7 Qd5 37. Qxg7 Bc3 38. Qg8+ Kd7 39. Qb8 Qa2+ 40. Kh3 Qe6+ 41. g4 Bxe5 42. Qxb5+ Kxd6 43. Qxa5 Qc4 44. Qd8+ Ke6 45. Qb6+ Kd7 1-0

[Event "San Mateo"]
[Site "San Mateo"]
[Date "1994.??.??"]
[Round "2"]
[White "Torres, Javier"]
[Black "O'Donnell, Tom"]
[Result "0-1"]
[WhiteElo "2335"]
[BlackElo "2405"]
[PlyCount "66"]
[EventDate "1994.??.??"]
[EventType "tourn"]
[EventRounds "9"]
[EventCountry "PUR"]
[EventCategory "5"]
[SourceTitle "EXT 1997"]
[Source "ChessBase"]
[SourceDate "1996.11.15"]
[SourceVersion "1"]
[SourceVersionDate "1996.11.15"]
[SourceQuality "1"]

1. d4 d5 2. Nf3 c6 3. c4 e6 4. Nc3 Nf6 5. Bg5 dxc4 6. e4 b5 7. e5 h6 8. Bh4 g5 9. exf6 gxh4 10. Ne5 Qxf6 11. a4 c5 12. Nxb5 cxd4 13. Nc7+ Kd8 14. Qxd4+ Nd7 15. Nxf7+ Kxc7 16. Qxf6 Bb4+ 17. Kd1 Nxf6 18. Nxh8 Ba6 19. Nf7 Ne4 20. Be2 Nxf2+ 21. Kc2 Nxh1 22. Rxh1 Rf8 23. Rf1 Bb7 24. Rf4 Bd5 25. g3 hxg3 26. hxg3 Kb6 27. Nxh6 Rxf4 28. gxf4 Bd6 29. f5 exf5 30. Nxf5 Be4+ 31. Kc3 Bxf5 32. Bxc4 Be5+ 33. Kb3 Ka5 0-1

[Event "Memorial Day Classic"]
[Site "Long Beach"]
[Date "1994.??.??"]
[Round "?"]
[White "Torres, Javier"]
[Black "Pelech, Leslie"]
[Result "1-0"]
[WhiteElo "2335"]
[BlackElo "2160"]
[PlyCount "69"]
[EventDate "1994.05.28"]
[EventType "swiss"]
[EventRounds "6"]
[EventCountry "USA"]
[SourceTitle "EXT 2004"]
[Source "ChessBase"]
[SourceDate "2003.11.25"]
[SourceVersion "1"]
[SourceVersionDate "2003.11.25"]
[SourceQuality "1"]

1. d4 d5 2. c4 e6 3. Nc3 Nf6 4. Bg5 c6 5. e3 Nbd7 6. Nf3 Qa5 7. cxd5 Nxd5 8. Qd2 N7b6 9. Bd3 Nxc3 10. bxc3 Nd5 11. 0-0 Qxc3 12. Qe2 Be7 13. Bxe7 Nxe7 14. Ne5 Ng6 15. Nc4 Qb4 16. f4 Qe7 17. e4 0-0 18. e5 c5 19. Nd6 cxd4 20. Rac1 f5 21. Qh5 Qd8 22. Bc4 Ne7 23. Rf3 g6 24. Qh6 Nd5 25. h4 Ne3 26. Bb3 Qe7 27. Qg5 Qxg5 28. hxg5 Nd5 29. Bxd5 exd5 30. Rc7 b6 31. Rh3 h5 32. gxh6 Ba6 33. Rg3 d3 34. Rxg6+ Kh8 35. Rgg7 1-0

[Event "Reno op"]
[Site "Reno"]
[Date "1994.??.??"]
[Round "?"]
[White "Torres, Javier"]
[Black "Silman, Jeremy D"]
[Result "1-0"]
[WhiteElo "2335"]
[BlackElo "2405"]
[PlyCount "113"]
[EventDate "1994.??.??"]
[EventType "swiss"]
[EventRounds "9"]
[EventCountry "USA"]
[SourceTitle "EXT 1997"]
[Source "ChessBase"]
[SourceDate "1996.11.15"]
[SourceVersion "1"]
[SourceVersionDate "1996.11.15"]
[SourceQuality "1"]

1. d4 Nf6 2. c4 Nc6 3. Nc3 e5 4. d5 Ne7 5. Bg5 Ng6 6. Nf3 Bb4 7. Qb3 Bxc3+ 8. Qxc3 h6 9. Bxf6 Qxf6 10. g3 0-0 11. Bg2 d6 12. Nd2 Qe7 13. e4 f5 14. exf5 Bxf5 15. 0-0 Rf6 16. Rac1 Raf8 17. c5 Qf7 18. cxd6 cxd6 19. Qe3 b6 20. Rc6 Nh8 21. Rfc1 Qg6 22. Rc7 R6f7 23. Rxf7 Nxf7 24. h4 Rc8 25. Rc6 Bd7 26. Rxc8+ Bxc8 27. Qc3 Qf5 28. Ne4 Kf8 29. a4 Ke7 30. a5 bxa5 31. Qxa5 Qd7 32. Bf1 Qb7 33. Bb5 Bd7 34. Bxd7 Kxd7 35. Nc3 Qxb2 36. Qxa7+ Ke8 37. Qa4+ Ke7 38. Qc6 Qb8 39. Qc4 h5 40. Kg2 g6 41. Nb5 Nd8 42. Nc3 Qb7 43. Nd1 Nf7 44. Ne3 Kf6 45. g4 hxg4 46. Qxg4 Qb1 47. h5 Kg7 48. Kh2 Qd3 49. Qd7 Qe2 50. h6+ Kf8 51. Ng4 Qf3 52. Qc8+ Ke7 53. Qe6+ Kf8 54. Qxg6 Qf4+ 55. Kg2 Qg5 56. Qe6 Kg8 57. Qe8+ 1-0

[Event "Las Vegas National op"]
[Site "Las Vegas"]
[Date "1994.??.??"]
[Round "?"]
[White "Torres, Javier"]
[Black "Watson, John L"]
[Result "0-1"]
[WhiteElo "2335"]
[BlackElo "2395"]
[PlyCount "80"]
[EventDate "1994.??.??"]
[EventType "swiss"]
[EventRounds "6"]
[EventCountry "USA"]
[SourceTitle "EXT 1997"]
[Source "ChessBase"]
[SourceDate "1996.11.15"]
[SourceVersion "1"]
[SourceVersionDate "1996.11.15"]
[SourceQuality "1"]

1. d4 Nf6 2. Nf3 g6 3. Bg5 Bg7 4. Nbd2 d5 5. c3 0-0 6. e3 Nbd7 7. b4 c6 8. Be2 Re8 9. 0-0 e5 10. Nb3 h6 11. Bxf6 Bxf6 12. a4 e4 13. Nfd2 Be7 14. b5 Bd6 15. Re1 h5 16. Nf1 Nf6 17. a5 Ng4 18. a6 bxa6 19. bxc6 Qh4 20. Bxg4 Bxg4 21. Qc2 Re6 22. Ra5 Rd8 23. Ng3 Bc7 24. Rxa6 Qg5 25. c4 h4 26. cxd5 hxg3 27. hxg3 Qxd5 28. Nc5 Rxc6 29. Rxa7 Bb6 30. Re7 Bf5 31. g4 Bxc5 32. Qb1 Bxg4 33. Qxe4 Qxe4 34. Rxe4 Be6 35. dxc5 Rxc5 36. Kh2 Rd2 37. Kg3 Rg5+ 38. Kh4 Rxg2 39. f3 Kg7 40. Rb4 Rd8 0-1

[Event "American op 29th"]
[Site "Long Beach"]
[Date "1993.??.??"]
[Round "2"]
[White "Pilnick, Carl"]
[Black "Torres, Javier"]
[Result "0-1"]
[WhiteElo "2185"]
[BlackElo "2340"]
[PlyCount "70"]
[EventDate "1993.11.25"]
[EventType "swiss"]
[EventRounds "8"]
[EventCountry "USA"]
[SourceTitle "EXT 2024"]
[Source "ChessBase"]
[SourceDate "2023.10.10"]
[SourceVersion "1"]
[SourceVersionDate "2023.10.10"]
[SourceQuality "1"]

1. d4 d5 2. e3 c5 3. c3 Nc6 4. f4 Bf5 5. Ne2 e6 6. Ng3 Bg6 7. Be2 h5 8. 0-0 h4 9. Nh1 Nf6 10. Nd2 Bd6 11. Nf3 Ne4 12. Ne5 Bf5 13. Nf2 g5 14. Nxe4 Bxe4 15. Bh5 Rh7 16. Bf3 Bxf3 17. Qxf3 f5 18. b3 g4 19. Qe2 Bxe5 20. dxe5 Qb6 21. Bd2 h3 22. g3 Rd7 23. Rab1 Kf7 24. Rfc1 Rad8 25. b4 cxb4 26. cxb4 d4 27. Rb2 dxe3 28. Bxe3 Nd4 29. Bxd4 Rxd4 30. Kf1 Rd3 31. Rc5 Rd1+ 32. Kf2 R8d3 33. Qc2 Rf3+ 34. Ke2 Rh1 35. Qa4 Qd8 0-1

[Event "American op 29th"]
[Site "Long Beach"]
[Date "1993.??.??"]
[Round "5"]
[White "Van Wely, Loek"]
[Black "Torres, Javier"]
[Result "1-0"]
[WhiteElo "2560"]
[BlackElo "2340"]
[PlyCount "69"]
[EventDate "1993.11.25"]
[EventType "swiss"]
[EventRounds "8"]
[EventCountry "USA"]
[SourceTitle "EXT 2024"]
[Source "ChessBase"]
[SourceDate "2023.10.10"]
[SourceVersion "1"]
[SourceVersionDate "2023.10.10"]
[SourceQuality "1"]

1. d4 d5 2. c4 c6 3. Nf3 Nf6 4. Nc3 dxc4 5. a4 Bf5 6. Ne5 e6 7. f3 Bb4 8. e4 Bxe4 9. fxe4 Nxe4 10. Bd2 Qxd4 11. Nxe4 Qxe4+ 12. Qe2 Bxd2+ 13. Kxd2 Qd5+ 14. Kc2 Na6 15. Nxc4 0-0-0 16. Qe5 f6 17. Qe3 Kb8 18. Be2 Qxg2 19. Rhg1 Qxh2 20. Rxg7 Nb4+ 21. Kb3 Nd5 22. Qf3 Qf4 23. Rd1 Rdg8 24. Rdg1 Rxg7 25. Rxg7 b5 26. Qxf4+ Nxf4 27. Na5 bxa4+ 28. Kb4 Nxe2 29. Nxc6+ Kc8 30. Kc5 a3 31. Kd6 Rd8+ 32. Nxd8 Nd4 33. Rg8 a2 34. Nc6+ Kb7 35. Rb8+ 1-0